top ten strongest anime characters - Statistics

General Stats
  • This quiz has been taken 199 times
  • The average score is 4 of 10
Answer Stats
Hint Answer % Correct
grows up as a character that is singled out for a beast within him . However , he becomeslater as the strongest sage user in all of the show naruto
89%
uses a quirk that is so powerful that it breaks his whole body. It was passed down to him deku
73%
character in naruto that uses sand as a defense mechanism . This sand moves on its own because of the one tailed beast that is inside this person . gaara
55%
son of the greatest hokage , but does not like that . He despises his father and wishes that his father would spend more time with him . Fans believe that he could turn into a villian boruto
50%
Shut it , ICY HOT ! Arch rival of the main character in the show , he constantly is a bully to all of the people that are around him that he only wants to the best of the best . He has a quirk that literally acts like a bomb that is powered by sweat. HE calls people names too. ( ends with a go) bakugo
47%
a pervert in the show that literally has a quirk with taking balls out of his hair mineta
40%
if this duck gets stressed out enough , the duck might literally cause some trouble . He constantly has headaches . psyduck
35%
character in pokemon that is powerful to the point that he is able to mind control every one around him . He uses psi blast mewtwo
32%
character that is believed to be a reincarnation of Madara Uchiha . This character has a shurigan that allows him to copy jutsu' ( but still has to learn them ). He joins the group called akutsuki sauske
3%
at first really weak , this character is not someone to mess with since he has so much power . He literally has the ability to decay all things that he touches . Now that he has a quirk that allows him to steal quirks , plus his ability to literally smash and destroy , he is so OP shiguraki
2%
No matching quizzes found
Score Distribution
Percent of People with Each Score
Percentile by Number Answered
Your Score History
You have not taken this quiz